| 000 | 00506cam a2200193 4500 | ||
|---|---|---|---|
| 999 |
_c1881 _d1881 |
||
| 001 | 158811 | ||
| 003 | OSt | ||
| 005 | 20180921164534.0 | ||
| 008 | 710826s1971 miu |000 0 eng | ||
| 010 | _a79106445 | ||
| 040 | _cDLC | ||
| 082 |
_a248.8 _bG748M |
||
| 100 | 1 |
_aGranberg, Lars I. _q(Lars Ingolf), _d1919- |
|
| 245 | 1 | 0 |
_aMarriage is for adults only _c[by] Lars I. Granberg |
| 260 |
_aGrand Rapids, _bZondervan Pub. House _c[1971] |
||
| 300 |
_a96 p. _c21 cm |
||
| 650 | 0 | _aMarriage | |
| 942 |
_2ddc _cBK |
||